Virtus VRML toolkit: create 3-D worlds for the Web without programming!

Gespeichert in:
Bibliographische Detailangaben
1. Verfasser: Smith, David
Format: Buch
Sprache:Undetermined
Veröffentlicht: Indianapolis, Indiana SAMS
Schlagworte:
Tags: Tag hinzufügen
Keine Tags, Fügen Sie den ersten Tag hinzu!
Thư viện lưu trữ: Trung tâm Học liệu Trường Đại học Cần Thơ
LEADER 00794nam a2200193Ia 4500
001 CTU_34979
008 210402s9999 xx 000 0 und d
020 |b 72.000đ 
082 |a 005.758 
082 |b S645 
100 |a Smith, David 
245 0 |a Virtus VRML toolkit: create 3-D worlds for the Web without programming! 
245 0 |c David Smith, Alan Scott, Richard Boyd 
260 |a Indianapolis, Indiana 
260 |b SAMS 
650 |a client/server computing,computer programming ( electronic computers ),computer programs,database administration,internet ( computer network ),sql ( computer program language ),vrml ( computer program language ) 
650 |x study and teaching,study and teaching 
904 |i Minh, 000211 
980 |a Trung tâm Học liệu Trường Đại học Cần Thơ